Statistics for 500 Biggest Cities in the World

Click here to take the quiz!

General Stats

  • This quiz has been taken 11,596 times
    (5,036 since last reset)
  • The average score is 224 of 500

Answer Stats

RankPopulationCountryCity% Correct
137,750,000JapanTokyo-Yokohama
98%
325,735,000IndiaDelhi
95%
920,685,000United StatesNew York
95%
1220,230,000MexicoMexico City
95%
1516,570,000RussiaMoscow
94%
423,575,000South KoreaSeoul-Incheon
94%
3010,870,000FranceParis
94%
1915,135,000United StatesLos Angeles
94%
3310,350,000United KingdomLondon
94%
1120,390,000ChinaBeijing
94%
2611,815,000BrazilRio de Janeiro
93%
231,320,000IndonesiaJakarta
93%
1715,910,000EgyptCairo
93%
622,885,000IndiaMumbai
93%
522,930,000PhilippinesManila
92%
2313,520,000TurkeyIstanbul
91%
822,685,000ChinaShanghai
91%
606,240,000SpainMadrid
90%
1020,605,000BrazilSao Paulo
90%
1815,313,000ThailandBangkok
90%
399,185,000United StatesChicago
90%
2114,280,000ArgentinaBuenos Aires
90%
2910,950,000PeruLima
90%
984,085,000GermanyBerlin
90%
1033,930,000ItalyRome
89%
2213,670,000IranTehran
89%
655,955,000United StatesSan Francisco-San Jose
88%
1782,660,000United StatesTampa-St. Petersburg
88%
1416,985,000JapanOsaka-Kobe-Kyoto
88%
864,740,000SpainBarcelona
87%
1004,070,000AustraliaSydney
87%
566,550,000CanadaToronto
87%
675,820,000United StatesMiami
87%
785,140,000RussiaSt. Petersburg
86%
765,270,000ItalyMilan
86%
389,520,000ColombiaBogota
86%
418,500,000TaiwanTaipei
86%
715,725,000SingaporeSingapore
85%
546,790,000IraqBaghdad
85%
2412,830,000NigeriaLagos
85%
3510,075,000VietnamHo Chi Minh City
84%
636,005,000United StatesHouston
84%
1616,235,000BangladeshDhaka
84%
586,280,000United StatesDallas-Fort Worth
84%
1752,685,000PortugalLisbon
84%
894,640,000TurkeyAnkara
84%
1283,480,000GreeceAthens
84%
467,445,000VietnamHanoi
84%
804,950,000United StatesWashington
84%
408,655,000South AfricaJohannesburg-East Rand
84%
1023,955,000AustraliaMelbourne
83%
507,365,000MalaysiaKuala Lumpur
83%
1073,865,000South AfricaCapetown
83%
914,490,000United StatesBoston
83%
2162,270,000PolandWarsaw
82%
596,265,000ChileSantiago
82%
517,280,000ChinaHong Kong
82%
1642,800,000UkraineKiev
82%
2014,810,000IndiaKolkata
82%
2711,380,000Congo (Dem. Rep.)Kinshasa
81%
1293,475,000United StatesSeattle
81%
2482,000,000GermanyMunich
81%
1233,630,000United Arab EmiratesDubai
81%
735,595,000United StatesPhiladelphia
81%
722,825,000PakistanKarachi
81%
3051,635,000NetherlandsAmsterdam
81%
1782,660,000United KingdomManchester
81%
814,930,000KenyaNairobi
80%
1852,590,000PakistanRawalpindi-Islamabad
80%
1942,500,000HungaryBudapest
80%
1143,700,000ItalyNaples
80%
1493,120,000YemenSana'a
80%
3361,510,000SwedenStockholm
79%
2392,095,000GermanyHamburg
79%
795,120,000United StatesAtlanta
79%
2382,105,000BelgiumBrussels
79%
1862,585,000BrazilBrasilia
78%
854,775,000EgyptAlexandria
78%
1902,530,000United KingdomBirmingham
78%
1612,870,000VenezuelaCaracas
78%
2132,310,000CanadaVancouver
78%
954,295,000United StatesPhoenix
77%
1622,860,000North KoreaPyongyang
77%
1832,605,000SyriaDamascus
77%
1163,675,000AlgeriaAlgiers
77%
447,620,000ChinaWuhan
77%
3421,480,000PortugalPorto
77%
1203,660,000United StatesDetroit
77%
1243,570,000CanadaMontréal
77%
1503,110,000United StatesSan Diego
77%
1318,760,000ChinaGuangzhou-Foshan
77%
924,465,000KuwaitKuwait
77%
665,845,000Saudi ArabiaRiyadh
76%
2611,930,000GermanyFrankfurt
76%
3901,275,000DenmarkCopenhagen
76%
2202,240,000TunisiaTunis
76%
4161,190,000IrelandDublin
76%
1303,465,000EthiopiaAddis Ababa
75%
3210,355,000PakistanLahore
75%
2362,115,000RomaniaBucharest
75%
2781,775,000AustriaVienna
75%
1213,650,000AfghanistanKabul
75%
1543,030,000IsraelTel Aviv
75%
1772,665,000NetherlandsRotterdam-Hague
74%
3621,380,000Czech RepublicPrague
74%
1842,600,000United StatesDenver
74%
3301,530,000PanamaPanama City
74%
2551,980,000BelarusMinsk
74%
2442,030,000CubaHavana
74%
4071,220,000FinlandHelsinki
74%
2102,365,000EcuadorQuito
74%
2751,785,000AustraliaPerth
73%
2901,720,000Costa RicaSan Jose
73%
536,955,000AngolaLuanda
73%
2182,255,000United StatesLas Vegas
72%
1413,240,000MoroccoCasablanca
72%
2581,935,000BoliviaLa Paz
72%
4011,235,000United KingdomGlasgow
72%
3410,165,000IndiaBangalore
71%
3811,320,000BulgariaSofia
71%
1463,200,000SenegalDakar
71%
3141,610,000FranceMarseille
71%
3051,635,000FranceLyon
71%
2941,695,000United Arab EmeratesAbu Dhabi
71%
2222,225,000LebanonBeirut
71%
1702,755,000NepalKathmandu
70%
1712,725,000AzerbaijanBaku
70%
2671,880,000MoroccoRabat
70%
2362,115,000GermanyCologne-Bonn
70%
2082,390,000GuatemalaGuatemala City
70%
1732,700,000HaitiPort-au-Prince
70%
2482,000,000United StatesPortland
70%
379,985,000IndiaChennai
70%
974,095,000GhanaAccra
70%
556,675,000GermanyEssen-Dusseldorf
69%
775,205,000SudanKhartoum
69%
934,460,000TanzaniaDar es Salaam
69%
626,150,000ChinaXi'an
69%
884,675,000MexicoGuadalajara
68%
2981,675,000United StatesAustin
68%
1962,480,000JordanAmman
68%
3831,305,000UruguayMontevideo
68%
3661,370,000New ZealandAuckland
67%
1602,895,000ParaguayAsuncion
67%
2462,025,000United StatesSan Antonio
67%
1223,635,000Dominican RepublicSanto Domingo
67%
1652,795,000United StatesMinneapolis
67%
3221,580,000NigeriaAbuja
67%
1572,990,000PakistanHyderabad
66%
1543,030,000South AfricaPretoria
66%
3251,570,000SpainValencia
66%
2442,030,000AustraliaBrisbane
66%
2332,125,000United StatesOrlando
66%
3391,495,000VenezuelaValencia
66%
2252,195,000Sri LankaColombo
66%
3081,620,000QatarDoha
66%
437,750,000IndiaHyderabad
66%
2811,260,000ChinaTianjin
65%
4641,085,000SerbiaBelgrade
65%
3610,035,000JapanNagoya
65%
4531,110,000SpainSeville
64%
4521,115,000LibyaTripoli
64%
904,560,000BrazilBelo Horizonte
64%
2961,685,000Saudi ArabiaMecca
64%
2172,265,000SomaliaMogadishu
63%
3321,525,000ItalyTurin
63%
3321,525,000El SalvadorSan Salvador
63%
3041,645,000United StatesIndianapolis
62%
3881,280,000MongoliaUlaanbaatar
62%
1063,885,000South KoreaBusan
62%
1083,845,000ColombiaMedellin
62%
2641,915,000CongoBrazzaville
62%
1682,785,000UzbekistanTashkent
62%
3110,680,000ChinaChengdu
61%
2621,925,000United KingdomLeeds-Bradford
61%
2152,275,000United StatesBaltimore
61%
964,155,000MexicoMonterrey
61%
755,320,000MyanmarYangon
60%
2252,195,000United StatesSt. Louis
60%
1093,775,000Saudi ArabiaJeddah
60%
2691,860,000CambodiaPhnom Penh
60%
2242,220,000ZimbabweHarare
59%
2751,785,000United StatesCleveland
59%
4221,170,000United StatesJacksonville
59%
4551,105,000United StatesNashville
59%
2002,440,000UgandaKampala
59%
2512,240,000ChinaShenzhen
59%
1193,665,000SyriaAleppo
59%
3141,610,000United StatesKansas City
58%
497,410,000IndiaAhmedabad
58%
2631,920,000United StatesSacramento
58%
1912,520,000MadagascarAntananarivo
58%
4531,110,000United StatesMemphis
57%
1323,450,000South AfricaDurban
57%
3161,600,000United StatesCharlotte
57%
4351,150,000AustraliaAdelaide
57%
3601,385,000GermanyStuttgart
57%
4941,015,000BelgiumAntwerp
57%
874,715,000ChinaXiamen
57%
477,440,000ChinaChongqing
57%
4581,100,000GeorgiaTbilisi
57%
1503,110,000MaliBamako
56%
844,820,000Cote d'IvoireAbidjan
56%
3771,325,000ArmeniaYerevan
56%
4091,215,000CanadaCalgary
56%
4701,070,000Sierra LeoneFreetown
56%
1782,660,000ZambiaLusaka
56%
2062,395,000JapanSapporo
56%
3371,505,000United StatesColumbus
56%
2322,135,000United States (Puerto Rico)San Juan
56%
1812,655,000MozambiqueMaputo
55%
576,380,000ChinaNanjing
55%
1473,170,000TurkeyIzmir
55%
1443,205,000CameroonYaounde
54%
3621,380,000JapanHiroshima
54%
4741,060,000CanadaEdmonton
54%
2941,695,000United StatesCincinnati
53%
3461,445,000LiberiaMonrovia
53%
2871,730,000United StatesPittsburgh
53%
4581,100,000United StatesSalt Lake City
53%
1423,230,000BrazilSalvador
52%
685,785,000IndiaPune
52%
3541,415,000United StatesMilwaukee
52%
834,915,000ChinaHarbin
51%
1632,825,000Burkina FasoOuagadougou
51%
4881,025,000LaosVientiane
51%
2851,735,000TogoLome
50%
2581,935,000BrazilManaus
50%
1992,455,000ColombiaCali
50%
4111,210,000MoroccoMarrakech
50%
1353,375,000BrazilRecife
50%
1403,250,000BangladeshChittagong
50%
3551,410,000BahrainManama
49%
4291,155,000HondurasTegucigalpa
49%
2961,685,000GuineaConakry
48%
3491,435,000NigerNiamey
48%
457,605,000ChinaHangzhou
48%
814,930,000IndonesiaSurabaya
48%
4271,160,000RwandaKigali
48%
1273,485,000IndiaJaipur
47%
1333,435,000BrazilPorto Alegre
47%
3941,260,000Saudi ArabiaMedina
47%
3931,270,000ChadN'Djamena
47%
3551,410,000MexicoTijuana
47%
4071,220,000MoroccoFez
46%
1373,310,000ChinaUrumqi
46%
1153,680,000NigeriaKano
46%
695,780,000IndonesiaBandung
45%
1313,460,000BrazilFortaleza
45%
3171,595,000UkraineKharkiv
45%
4741,060,000FranceLille
44%
4441,130,000United StatesRaleigh
44%
3681,365,000RussiaYekaterinburg
44%
4821,035,000United StatesLouisville
44%
3411,485,000KazakhstanAlmaty
44%
4161,190,000RussiaNizhny Novgorod
44%
616,200,000ChinaShenyang
43%
645,970,000ChinaQingdao
43%
725,685,000IndiaSurat
42%
2521,990,000IndiaAgra
41%
944,300,000ChinaDalian
41%
1652,795,000EcuadorGuayaquil
41%
4291,155,000KenyaMombasa
40%
4851,030,000United StatesRichmond
40%
3171,595,000ArgentinaCordoba
40%
4041,225,000South AfricaPort Elizabeth
39%
2472,005,000BrazilBelem
39%
1812,655,000JapanFukuoka
39%
4671,080,000RussiaRostov
39%
3401,490,000RussiaNovosibirsk
38%
1393,260,000IndiaLucknow
38%
4381,145,000RussiaKazan
38%
2871,730,000IraqMosul
38%
3441,465,000United StatesVirginia Beach-Norfolk
38%
994,080,000ChinaFuzhou
37%
1123,730,000ChinaHefei
37%
2092,380,000South KoreaDaegu
37%
705,755,000ChinaZhengzhou
37%
4641,085,000ChinaFuzhou
37%
1483,160,000BrazilCuritiba
36%
2332,125,000MexicoPuebla
36%
1872,580,000PhilippinesCebu
36%
1013,990,000IndonesiaMedan
36%
2292,180,000PolandKatowice-Gliwiche-Tychy
36%
1592,910,000NigeriaIbadan
35%
1533,060,000CameroonDouala
35%
1093,775,000ChinaChangsha
35%
3971,245,000IndonesiaDenpasar
35%
1163,675,000PakistanFaisalabad
34%
1123,730,000ChinaKunming
34%
1742,690,000ChinaNanning
34%
4581,100,000IsraelHaifa
33%
1982,460,000ChinaShantou
33%
4381,145,000RussiaSamara
33%
4881,025,000RussiaUfa
33%
1383,280,000ChinaWenzhou
33%
3711,355,000ArgentinaRosario
32%
4291,155,000RussiaOmsk
32%
2801,770,000ColombiaBarranquilla
32%
4931,020,000IraqBasra
32%
1363,370,000IranMashhad
32%
2282,190,000BoliviaSanta Cruz
31%
2422,065,000VenezuelaMaracaibo
31%
3711,355,000NigeriaBenin City
31%
1722,710,000IndiaNagpur
31%
4941,015,000AlgeriaOran
31%
2651,890,000TurkeyBursa
29%
1523,065,000IndiaKanpur
29%
3581,390,000MyanmarMandalay
29%
3661,370,000MexicoCiudad Juarez
29%
1183,670,000ChinaWuxi
28%
745,380,000ChinaSuzhou
28%
2681,865,000NigeriaPort Harcourt
28%
1053,890,000ChinaJinan
28%
4941,015,000ColombiaCartagena
27%
1043,895,000ChinaNingbo
27%
428,260,000ChinaDongguan
27%
2581,935,000IranShiraz
27%
1892,540,000TaiwanKaohsiung
27%
4641,085,000BrazilNatal
27%
1582,965,000GhanaKumasi
27%
4941,015,000MexicoMerida
26%
4351,150,000RussiaChelyabinsk
26%
4121,205,000United StatesProvidence
26%
1333,435,000ChinaChangchun
26%
1752,685,000BrazilCampinas
26%
2931,705,000SyriaHoms
25%
1692,765,000ChinaLanzhou
25%
1972,470,000IndiaIndore
25%
3581,390,000JapanSendai
25%
2202,240,000IndiaPatna
25%
1093,775,000ChinaTaiyuan
24%
4121,205,000BeninCotonou
24%
2911,715,000IranTabriz
24%
4461,125,000TurkeyAdana
24%
2332,125,000IndiaBhopal
24%
3171,595,000MexicoLeon
24%
1253,535,000ChinaShijiazhuang
24%
2412,080,000Congo (Dem. Rep.)Lubumbashi
23%
4161,190,000BrazilSao Luis
23%
4801,045,000Saudi ArabiaDammam
23%
4441,130,000IranQom
22%
4551,105,000UzbekistanSamarkand
22%
2022,435,000IranEsfahan
21%
2312,155,000BrazilGoiania
21%
1672,790,000ChinaNanchang
21%
3281,565,000IndiaVaranasi
21%
2991,670,000ChinaZibo
21%
4941,015,000IndiaSalem
20%
4041,225,000TurkeyKonya
20%
1263,515,000ChinaChangzhou
20%
3491,435,000TurkeyGaziantep
20%
2751,785,000PakistanPeshawar
20%
3351,520,000IndonesiaMakassar
20%
2002,440,000IndiaKochi
20%
3011,650,000ChinaJilin
19%
1882,570,000IndiaCoimbatore
19%
4091,215,000NigeriaAba
19%
527,020,000ChinaQuanzhou
19%
1543,030,000ChinaGuiyang
19%
3481,440,000IndonesiaPalembang
19%
2991,670,000BrazilSantos
19%
2561,950,000PakistanMultan
19%
3841,300,000IndiaJodhpur
19%
1912,520,000TaiwanTaichung
19%
2571,940,000MexicoToluca
19%
4431,140,000PakistanQuetta
18%
2711,835,000IndonesiaYogyakarta
18%
2142,295,000ChinaHohhot
18%
3901,275,000BoliviaCochabamba
17%
3771,325,000ChinaXuzhou
17%
2062,395,000ChinaTangshan
17%
3871,285,000IndiaAmritsar
17%
2422,065,000ChinaHaikou
17%
487,425,000NigeriaOnitsha
17%
3821,315,000IndiaAllahabad
16%
4221,170,000TaiwanTainan
16%
4941,015,000VietnamHai Phong
16%
3251,570,000ChinaYantai
16%
2701,845,000ChinaHuizhou
16%
2122,315,000ChinaBaotou
16%
3091,615,000South KoreaGwangju
16%
2402,090,000Congo (Dem. Rep.)Mbuji-Mayi
16%
3711,355,000ChinaNantong
16%
3301,530,000ChinaAnshan
16%
1912,520,000ChinaLinyi
15%
3011,650,000IndonesiaSemarang
15%
2192,245,000PhilippinesDavao City
15%
3071,630,000ChinaTaizhou
15%
2831,745,000JapanKitakyushu
15%
3091,615,000IndiaMadurai
15%
3011,650,000ChinaWeifang
15%
4811,040,000Congo (Dem. Rep.)Kisangani
14%
4581,100,000NigeriaKaduna
14%
2482,000,000IndiaVadodara
14%
2871,730,000MalaysiaJohor Bahru
14%
3841,300,000SyriaHama
14%
2741,800,000IndiaNashik
14%
3651,375,000MalaysiaPenang
14%
4351,150,000IndiaChandigarh
14%
4271,160,000ChinaHuainan
14%
2252,195,000PakistanGujranwala
14%
3691,360,000ChinaBaoding
14%
2482,000,000ChinaLuoyang
14%
3091,615,000IndiaRajkot
14%
4501,120,000MexicoSan Luis Potosí
13%
2731,810,000IndiaVisakhapatnam
13%
4191,185,000BrazilVittoria
13%
4291,155,000VenezuelaMaracay
13%
3461,445,000IndiaSrinagar
13%
3221,580,000ChinaCixi
13%
4291,155,000JapanNaha
12%
3771,325,000IndonesiaSurakarta
12%
3451,455,000ChinaZhangzhou
12%
2841,740,000IndiaLudhiana
12%
2821,750,000ChinaDatong
12%
1443,205,000ChinaZhongshan
12%
4761,055,000IndiaKota
12%
4781,050,000ColombiaBucaramanga
12%
4141,200,000Congo (Dem. Rep.)Kananga
11%
3211,585,000ChinaZhuhai
11%
3751,345,000IranAhvaz
11%
3881,280,000IndiaRanchi
11%
3941,260,000ChinaQiqihar
11%
3621,380,000ChinaXining
11%
3601,385,000IndiaRaipur
11%
3091,615,000ChinaLiuzhou
11%
3321,525,000ChinaWuhu
11%
3171,595,000ChinaYangzhou
11%
4221,170,000MexicoTorreon
11%
4581,100,000IndiaMysore
11%
2541,985,000IndiaThiruvananthapuram
11%
4701,070,000BrazilJoao Pessoa
10%
2052,400,000ChinaHuai'an
10%
2721,820,000ChinaHandan
10%
4191,185,000IraqIrbil
10%
1952,495,000IndiaKozhikode
10%
4851,030,000BangladeshKhulna
10%
3091,615,000PhilippinesGeneral Santos
9%
2781,775,000IndiaVijayawada
9%
4881,025,000MexicoQueretaro
9%
4881,025,000ChinaZhuzhou
9%
2921,710,000ChinaYinchuan
9%
4461,125,000IndonesiaMalang
9%
3771,325,000ChinaFushun
9%
4461,125,000ChinaHuzhou
9%
3371,505,000ChinaDaqing
9%
3241,575,000South KoreaDaejon
9%
3711,355,000IndiaJabalpur
9%
3251,570,000IndiaMeerut
9%
3291,540,000ChinaPutian
9%
3691,360,000IndiaAurangabad
9%
3971,245,000ChinaAnyang
9%
4041,225,000IndonesiaBatam
9%
2521,990,000NigeriaUyo
8%
2022,435,000ChinaShaoxing
8%
4761,055,000IndiaGuwahati
8%
3431,470,000IndiaJamshedpur
8%
3571,405,000ChinaChangshu
8%
4221,170,000ChinaZhangjiakou
8%
4011,235,000IndiaGwalior
8%
2801,770,000ChinaYiwu
8%
3761,335,000IndiaAsansol
8%
2302,160,000IndiaKannur
8%
4781,050,000IndiaAligarh
7%
4881,025,000ChinaPingdingshan
7%
3511,420,000IndiaKollam
7%
4941,015,000ChinaHenyang
7%
4461,125,000IndiaBareilly
7%
4731,065,000ChinaZhanjiang
7%
4381,145,000IndonesiaPekan Baru
7%
3511,420,000ChinaJiangmen
7%
4691,075,000ChinaYichang
7%
4501,120,000IndiaTiruchirappalli
7%
4381,145,000ChinaHuaibei
7%
4141,200,000ChinaXiangyang
7%
4631,090,000ChinaXinxiang
7%
2112,345,000IndiaThrissur
7%
4381,145,000ChinaTengzhou
6%
3861,290,000ChinaWenling
6%
4551,105,000ChinaJiamusi
6%
4291,155,000IndonesiaCirebon
6%
3901,275,000IndiaDhanbad
6%
3991,240,000ChinaDongying
6%
3991,240,000IndiaTiruppur
6%
4701,070,000ChinaPuning
6%
4011,235,000ChinaQinhuangdao
6%
1433,225,000ChinaZhangjiagang
6%
4821,035,000IraqSulaymaniyah
6%
4821,035,000IndiaMoradabad
6%
2851,735,000NigeriaNsukka
6%
2042,430,000ChinaChaoyang
6%
4851,030,000ChinaXiangtan
6%
2222,225,000IndiaMalappuram
5%
3961,255,000IndiaDurg-Bhilainagar
5%
4211,175,000ChinaLianyungang
5%
3511,420,000ChinaHuangshi
5%
4671,080,000ChinaZhucheng
5%
2651,890,000ChinaKunshan
5%
4221,170,000ChinaRuian
4%

Score Distribution

Percentile by Number Answered

Percent of People with Each Score

Your Score History

You have not taken this quiz since the last reset